| 000 | 00000nam 2200000zi 4500 |
| 001 | 9.946565 |
| 003 | CaOODSP |
| 005 | 20250121091805 |
| 006 | m o d f |
| 007 | cr bn||||||||| |
| 008 | 250107s1963 onca ou f001 0 fre d |
| 040 | |aCaOODSP|bfre|erda|cCaOODSP |
| 043 | |an-cn--- |
| 086 | 1 |aNR24-28/1960-5F-PDF |
| 245 | 00|aNormes de maison, Canada 1963 : |bsupplément no 5 au Code national du bâtiment du Canada / |cpublié par le Comité associé sur le Code national du bâtiment. |
| 246 | 10|aSupplément no 5 au Code national du bâtiment du Canada |
| 264 | 1|aOttawa, Canada : |bConseil national de recherches, |c1963. |
| 300 | |a1 ressource en ligne (xxxi, 240 pages, 2 pages non numérotées) : |billustrations |
| 336 | |atexte|btxt|2rdacontent/fre |
| 337 | |ainformatique|bc|2rdamedia/fre |
| 338 | |aressource en ligne|bcr|2rdacarrier/fre |
| 500 | |aComprend des index. |
| 500 | |aPublié aussi en anglais sous le titre : Housing Standards, Canada, 1963 : supplement no. 5 to the National Building Code of Canada. |
| 520 | |a« Les Normes de maison, Canada 1963 contiennent des renseignements sur des sujets qui ne sont pas mentionnés dans le Code national du bâtiment. Ces renseignements sont requis pour son autre rôle, celui de fournir des règlements pour la construction de maisons aux termes de la Loi nationale sur l'habitation » -- Page iii. |
| 650 | 6|aConstruction|xDroit|zCanada|vCodes. |
| 650 | 6|aConstructions|xNormes|zCanada. |
| 650 | 6|aLogement|xNormes|zCanada. |
| 650 | 6|aHabitations|xConstruction|xNormes|zCanada. |
| 710 | 2 |aConseil national de recherches Canada. |bComité associé sur le Code national du bâtiment, |eorganisme de publication. |
| 775 | 08|tHousing Standards, Canada, 1963 : |w(CaOODSP)9.946561 |
| 794 | |tNormes residentielles Canada 1965 : |w(CaOODSP)9.946750 |
| 856 | 40|qPDF|s14.4 Mo|uhttps://publications.gc.ca/collections/collection_2025/cnrc-nrc/NR24-28-1960-5-fra.pdf |
| 986 | |a6487-Fr. |